[Event "4NCL Div 1 2018-19"]
[Site "Daventry"]
[Date "2018.11.10"]
[Round "1"]
[White "Roberson, Peter T"]
[Black "Lupulescu, Constantin"]
[Result "1/2-1/2"]
[WhiteElo "2403"]
[BlackElo "2601"]
[Annotator "TA"]
[PlyCount "147"]
[EventDate "2018.11.10"]
[EventType "team-tourn"]
[EventCountry "GBR"]
[SourceTitle "playchess.com"]
[Source "ChessBase"]
[SourceQuality "1"]

{[%evp 16,147,0,0,24,8,13,9,14,2,8,0,8,5,6,0,0,0,0,0,0,0,16,0,0,0,56,0,25,0,0,0,0,-4,6,0,12,10,31,25,20,0,0,0,0,0,-6,-31,-34,-31,0,0,0,0,0,0,0,0,0,0,0,0,0,0,0,0,48,48,8,12,13,13,22,22,62,62,62,62,62,62,62,62,62,62,62,62,62,62,62,62,62,62,835,62,62,62,62,62,62,62,62,0,62,62,62,62,62,62,62,62,62,62,62,62,62,62,62,62,62,62,62,62,62,62,62,8,8,8,8,8,8,0,0,0]} 1. e4 c5 2. c3 d5 3. exd5 Qxd5 4. d4 Nf6 5. Nf3 e6 6. Na3 Nc6 7. Be3 cxd4 {B22: Sicilian: 2 c3} 8. Nb5 Qd8 9. Nbxd4 {LiveBook: 92 Games} Qc7 (9... Nd5 {seems wilder.} 10. Qc2 Nxe3 11. fxe3 Bd7 12. O-O-O Qb6) (9... Nd5 10. Nxc6 bxc6 11. Bd2 Qb6 12. Ne5 Qc7 13. Nc4 Be7 14. Bd3 Ba6 15. Qg4 {½-½ (55) Wang,H (2717)-Laznicka,V (2666) Ho Chi Minh City 2016}) 10. Bd3 Nxd4 11. Bxd4 Bc5 12. O-O Bxd4 13. Nxd4 O-O {[#]} 14. Re1 $146 ({Predecessor:} 14. Qf3 Bd7 15. Rad1 Rad8 16. Rfe1 a6 17. Bc2 Rfe8 18. h3 Bc8 19. Bb3 b6 20. Qc6 Qb7 21. Qf3 Qc7 22. Qc6 Qb7 23. Qf3 {½-½ (22) Sprenger,J (2536)-Meier,G (2558) Germany 2008}) 14... b6 15. a4 Bb7 16. Qe2 Rad8 {[%cal Ba8d8,Bd8d5,Bd5a5][%mdl 32]} 17. a5 Rd5 18. axb6 axb6 19. Qe3 Rfd8 20. Ba6 Ba8 ({Black should try} 20... Bxa6 $11 21. Rxa6 Ra5 22. Rxa5 bxa5) 21. Be2 (21. Qg3 $14 Qxg3 22. hxg3) 21... Ra5 22. Bf3 Nd5 23. Qe2 Nf4 24. Qe3 Nd5 {[%cal Bf4d5,Bd5f6,Bf6g4][%mdl 32]} 25. Qe2 g6 (25... Nf4 {looks sharper.}) 26. g3 Bb7 27. Rxa5 bxa5 28. h4 h5 29. Be4 Nf6 30. Bxb7 Qxb7 31. Qe5 Ng4 32. Qxa5 Rd5 33. Qa4 e5 {And now ...Rd7 would win.} 34. Nf3 Rb5 35. Qe4 Qb6 36. Re2 Rxb2 37. Nxe5 Nxf2 38. Rxb2 Qxb2 39. Qf3 Nh3+ 40. Kh1 Qf2 {[%csl Gh3][%cal Rf2g1] [#]} 41. Qxf7+ $1 {[%mdl 512]} Qxf7 42. Nxf7 $14 {[%mdl 4096] Endgame KN-KN} Nf2+ $1 ({But not} 42... Kxf7 $2 43. Kg2 $18) 43. Kg2 Ne4 44. Ne5 Nxc3 45. Nxg6 Nd5 46. Kf3 Kg7 47. Nf4 Nf6 48. Ke3 Kh6 49. Kd4 Ng4 50. Ke4 Nf2+ 51. Kf5 Nh1 52. Ne2 Nf2 53. Nc3 Ng4 $2 {[%mdl 8192] [#]} (53... Nd3 $14 54. Ne2 Nb4) 54. Nd5 $2 (54. Nd1 $1 $18 {[%cal Rd1c3]} Kg7 55. Kg5) 54... Nf2 55. Nf6 Nd1 56. Ng8+ Kg7 57. Ne7 $1 {Threatens to win with Kg5.} Nf2 58. Nd5 Kh6 $1 59. Ne3 Nh1 60. Nf1 Nf2 61. Nd2 Ng4 62. Nc4 Nf2 $1 63. Nd6 Ng4 $1 64. Nf7+ Kg7 65. Ne5 Nf2 66. Nd7 Nh1 67. Kf4 $1 {[%cal Rf4f3]} Nf2 $1 68. Nc5 {Strongly threatening Kg5.} Kg6 69. Kf3 Ng4 70. Nd3 (70. Ke4 $1 $14) 70... Kf5 $11 {The position is equal.} 71. Nf4 Nf6 72. Ng2 Ng4 73. Ne3+ Nxe3 74. Kxe3 {Precision: White = 57%, Black = 68%.} 1/2-1/2

[Event "4NCL Div 1 2018-19"]
[Site "Daventry"]
[Date "2018.11.10"]
[Round "1"]
[White "Camacho Collados, Jose"]
[Black "Taylor, Adam A"]
[Result "1-0"]
[WhiteElo "2401"]
[BlackElo "2222"]
[Annotator "TA"]
[PlyCount "133"]
[EventDate "2018.11.10"]
[EventType "team-tourn"]
[EventCountry "GBR"]
[SourceTitle "playchess.com"]
[Source "ChessBase"]
[SourceQuality "1"]

{[%evp 13,133,5,19,0,0,0,0,0,7,-23,-13,-26,-16,-19,-37,-67,-49,-60,-75,-58,-24,-34,0,-45,0,-12,0,-52,-17,-33,0,-15,20,28,56,10,18,27,146,162,149,67,243,213,372,89,93,-29,-7,-42,-37,-116,42,39,84,46,147,147,152,93,169,158,143,49,54,53,55,0,0,0,697,-17,-13,-18,-13,-10,0,0,218,0,673,549,533,533,514,503,446,334,743,660,634,494,498,478,1081,944,1529,1410,12832,2379,12841,12842,12842,12843,12841,12841,1182,1145,1168,72,12841,12840,12847,12847,12847,12848,12849,12849,12850,12850,12850,12851]} 1. e4 c5 2. Nf3 Nc6 3. Bb5 e6 4. b3 Nge7 5. Bb2 a6 6. Bxc6 Nxc6 7. O-O Qc7 {LiveBook: 14 Games} 8. a4 $146 {B30: Sicilian: 2...Nc6 3 Bb5, lines without ...g6} ({Predecessor:} 8. d4 cxd4 9. Nxd4 Bd6 10. Nf3 O-O 11. Nbd2 b5 12. Qe2 Be7 13. Ne1 Bb7 14. a4 b4 15. Qg4 Ne5 {0-1 (33) Valles Moreno,I (2402)-Korneev,O (2587) Alcala de Henares 2007}) 8... b6 9. d4 cxd4 10. Nxd4 {The position is equal.} Bd6 11. Nf3 O-O 12. Re1 Bb7 13. e5 Be7 14. Ba3 f6 {[%cal Rf6e5]} 15. Bd6 Bxd6 16. exd6 Qd8 17. Na3 Rc8 18. Qd2 g5 19. Rad1 Rf7 20. c4 (20. Nc4 $11) 20... Rg7 (20... g4 $5 {[%cal Rg4f3]} 21. Nd4 Nxd4 22. Qxd4 h5 $11) 21. Nb1 Qe8 22. Nc3 Qg6 23. Qe3 g4 24. Nh4 Qg5 25. Qxb6 Qxh4 (25... Rb8 $11) 26. Qxb7 $16 Rf8 27. Ne4 (27. Ne2 $16) 27... f5 $2 (27... a5 $1 $14) 28. Nc5 $18 Nd8 $2 (28... Nb8 29. g3 (29. Nxa6 Nxa6 30. Qxa6 f4 $16) 29... Qf6 30. Nxa6 Nxa6) 29. Qb6 $2 (29. Qc7 $18 {has better winning chances.}) 29... f4 $16 {[%cal Bf5f4,Bf4f3][%mdl 32]} 30. Ne4 (30. Nd3 $16) 30... f3 31. Qc5 Rf5 32. Qd4 (32. Qe3 $1 $15) 32... Rg6 $2 (32... Nc6 $1 $17 {[%cal Rc6d4]} 33. Qe3 Rgf7) 33. Ng3 $1 $36 {[%cal Rg3f5][%mdl 2048] White has the initiative.} Rfg5 34. gxf3 Rh6 ({Black should try} 34... Nc6 $1 $14 35. Qe3 gxf3 36. Qxf3 Rf5) 35. f4 $16 Rg7 36. Qe4 (36. b4 $142) 36... Qxh2+ ({Better is} 36... Rf7) 37. Kf1 Rf6 38. Qg2 ({White should play} 38. Ke2 $16 Qh6 39. f5) 38... Qh6 $1 $14 39. f5 Rgf7 40. Rd4 (40. Re5 $14) 40... exf5 $11 41. Re8+ Rf8 $2 {[%mdl 8192] [#]} (41... Kg7 $11) 42. Rxf8+ $2 (42. Nxf5 $1 $18 {[%mdl 512]} Qc1+ (42... Rxf5 43. Rxg4+) 43. Re1) 42... Rxf8 43. Qd5+ Ne6 {White should prevent ...Qh3+.} 44. Kg1 f4 {And now ...Qg7 would win.} 45. Nh5 Rf7 $2 (45... g3 $11 {and Black is okay.}) 46. Re4 $18 Qf8 $2 {[%mdl 8192]} (46... g3 $11) 47. c5 {Threatens to win with Rxe6.} Rf5 48. Re5 Rxe5 49. Qxe5 Qf7 50. b4 h6 $2 (50... g3 51. c6 Qg6 52. cxd7 gxf2+ 53. Kxf2 Qc2+ 54. Qe2 Qxe2+ 55. Kxe2 Nd4+ 56. Kf2 Nc6 57. Nxf4 Nd8) 51. b5 axb5 52. axb5 Ng5 {...Nf3+ is the strong threat.} 53. Nf6+ Kf8 (53... Kg7 $142 54. Nxd7+ Kg6) 54. Qf5 Kg7 55. c6 dxc6 56. d7 ({Weaker is} 56. bxc6 g3 $11) 56... Qe7 57. Nh5+ Kg8 58. Qg6+ Kf8 59. Qxh6+ Kf7 60. Qg7+ Ke6 61. bxc6 $2 (61. Nxf4+ $18 {is the precise move to win.} Kxd7 62. bxc6+ Kd6 63. Qh6+ Kc5 {[#]} 64. c7 $1 {[%mdl 512]} Qxc7 65. Qxg5+ Kc6 66. Qxg4) 61... Nf3+ $2 {[%mdl 8192]} (61... Qxg7 $16 62. Nxg7+ Ke7) 62. Kg2 {White is clearly winning.} Ne5 63. Nxf4+ Kd6 64. Qxe5+ Qxe5 65. d8=Q+ Kxc6 66. Qc8+ Kb5 67. Qxg4 {Precision: White = 43%, Black = 27%.} 1-0

[Event "4NCL Div 1 2018-19"]
[Site "Daventry"]
[Date "2018.11.10"]
[Round "1"]
[White "Guichard, Pauline"]
[Black "Stewart, Ashley"]
[Result "1-0"]
[WhiteElo "2382"]
[BlackElo "2166"]
[Annotator "TA"]
[PlyCount "117"]
[EventDate "2018.11.10"]
[EventType "team-tourn"]
[EventCountry "GBR"]
[SourceTitle "playchess.com"]
[Source "ChessBase"]
[SourceQuality "1"]

{[%evp 9,117,-1,25,-4,4,-16,-8,-16,-12,-13,6,-2,-3,-21,-20,-43,-40,-45,-30,-31,-17,-57,-27,-34,-27,-44,-28,-47,-54,-56,-63,-42,-46,-61,0,0,25,11,16,-48,-42,-34,-36,-43,-37,-30,-11,-8,13,-33,-30,-29,11,12,31,24,24,20,19,23,17,6,99,100,166,88,98,16,88,70,93,39,54,45,63,44,51,50,68,0,0,0,0,0,0,0,0,0,0,0,0,3,36,36,98,99,220,204,435,404,1237,1237,12840,12839,1419,565,29994,29995,29998,29999]} 1. d4 Nf6 2. Nf3 g6 3. Bg5 Bg7 4. Nbd2 d5 5. e3 c5 {LiveBook: 125 Games} (5... O-O 6. c3 c5 7. Be2 h6 8. Bh4 cxd4 9. cxd4 Nc6 10. a3 Ne4 11. Nxe4 dxe4 12. Nd2 f5 13. O-O g5 14. Bg3 f4 15. exf4 gxf4 {1-0 (73) Duda,J (2737)-Grischuk,A (2766) chess.com INT 2018}) 6. Bb5+ {D03: 1 d4 d5 2 Nf3 Nf6 3 Bg5, including Torre Attack with early ...d5} Bd7 7. Qe2 Qb6 8. a4 $146 {The position is equal.} ({Predecessor:} 8. Bxd7+ Nfxd7 9. Rb1 Nc6 10. c3 h6 11. Bh4 O-O 12. O-O Rac8 13. Kh1 {1-0 (46) Montoya Bello,F-Carbonell Bofill,C Valencia 1990}) 8... O-O 9. O-O Nc6 10. Nb3 cxd4 11. exd4 Bg4 12. Rfd1 Ne4 13. Be3 Nd6 14. Bd3 Nb4 15. a5 Qd8 16. Bf4 Nxd3 17. Rxd3 Nc4 18. Ra2 Re8 19. h3 Bf5 20. Rd1 Rc8 21. c3 h6 (21... f6 $15) 22. Re1 Qd7 23. Nc5 $36 {[%mdl 2048] White fights for an advantage.} Qc6 $1 24. Ne5 ({White should try} 24. g4 $11 e5 25. Bxe5 (25. Nxe5 Nxe5 26. Bxe5 Bxg4 $11)) 24... Nxe5 $15 25. Bxe5 f6 26. Bf4 e5 27. Be3 Bf8 28. g4 Bd7 29. b4 exd4 30. cxd4 Kh7 31. Qf3 Bg7 32. Rc1 b6 33. axb6 axb6 34. Nxd7 Qxd7 35. Rca1 Qc6 (35... Rc7 $11) 36. Ra7 Red8 (36... Rc7 $16) 37. Qf4 (37. Kg2 $18) 37... Rd7 $16 38. R1a6 (38. Kg2 $16) 38... Rxa7 (38... Rcc7 $11 {keeps the balance.} 39. Ra8 Rb7) 39. Rxa7 {Intending Qxh6+ and mate.} Kg8 40. h4 (40. b5 $16 Qe6 41. Rb7) 40... Qe6 $1 $14 41. b5 Rc3 42. Ra8+ Kh7 43. Rb8 Rb3 $1 44. g5 (44. Kh2 $14 Rxb5 45. Rb7) 44... fxg5 $11 45. hxg5 h5 (45... Qh3 $5 46. Rb7 $8 Rb1+ 47. Bc1 hxg5 48. Qxg5 Ra1 $11) 46. Kh2 {Hoping for Rb7.} Rxb5 47. Rb7 Qe4 48. Qxe4 dxe4 {[%mdl 4096] Endgame KRB-KRB} 49. Kg3 Kg8 50. Kf4 Bf8 51. Kxe4 Bd6 {[#]} ({Black should play} 51... h4 $14) 52. Rd7 $1 $16 {[%cal Rd7d6]} Bh2 {[#]} (52... Bf8 $16) 53. f4 $1 $18 Rb3 $2 (53... h4 54. Rd6 Kf7) 54. d5 {[%cal Bd4d5,Bd5d6][%mdl 32]} h4 (54... Rb4+ $142 55. Kf3 Rb3) 55. d6 Rb4+ 56. Ke5 Rb3 57. Bd4 (57. Bc1 $142 {Threatening mate with Kf6.} Bg3 58. Kf6 Bxf4 59. Bxf4 Rf3 60. Rg7+ Kf8 61. Rf7+ Kg8 62. Kxg6) 57... Rb5+ 58. Ke6 Bxf4 59. Rd8+ {Precision: White = 46%, Black = 40%.} 1-0

[Event "4NCL Div 1 2018-19"]
[Site "Daventry"]
[Date "2018.11.10"]
[Round "1"]
[White "Bates, Richard A"]
[Black "Kulon, Klaudia"]
[Result "0-1"]
[WhiteElo "2378"]
[BlackElo "2327"]
[Annotator "NA RC"]
[PlyCount "80"]
[EventDate "2018.11.10"]
[EventType "team-tourn"]
[EventCountry "GBR"]
[SourceTitle "playchess.com"]
[Source "ChessBase"]
[SourceQuality "1"]
[TimeControl "40/6000+30:3000+30"]

1. d4 {[%emt 0:00:00]} Nf6 {[%emt 0:00:00]} 2. Nf3 {[%emt 0:00:00]} g6 {[%emt 0:00:00]} 3. g3 {[%emt 0:00:20]} Bg7 {[%emt 0:00:00]} 4. Bg2 {[%emt 0:00:05]} O-O {[%emt 0:00:00]} 5. O-O {[%emt 0:00:08]} d6 {[%emt 0:00:01]} 6. c4 {[%emt 0:00:28]} Nc6 {[%emt 0:00:05]} 7. Nc3 {[%emt 0:00:19]} e5 {[%emt 0:00:24]} 8. d5 {[%emt 0:07:25]} Nb8 {[%emt 0:00:05]} 9. e4 {[%emt 0:00:59]} a5 {[%emt 0:01:49] E62: Königsindisch (6...Sc6)} 10. Ne1 {[%emt 0:06:17]} Na6 {[%emt 0:00:08]} 11. Nd3 {[%emt 0:00:31]} Nd7 {[%emt 0:01:40]} 12. Be3 {[%emt 0:03:11]} f5 {[%emt 0:06:24]} (12... Ndc5 13. Nxc5 Nxc5 14. Qd2 f5 15. exf5 gxf5 16. f4 e4 {1-0 (50) Svidler,P (2753)-Yu,Y (2759) Shenzhen 2018}) 13. Qd2 {[%emt 0:08:27]} Nf6 {[%emt 0:04:23]} 14. f3 $146 {[%emt 0:05:57]} ({Vorgänger:} 14. Bg5 Qe8 15. Rae1 Nh5 16. Be3 b6 17. f4 {½-½ (59) Mica,M (2100)-Vybiral,Z (2269) Stare Mesto 2018}) 14... b6 {[%emt 0:00:35]} 15. Kh1 {[%emt 0:06:53]} Nc5 {[%emt 0:00:58]} 16. exf5 {[%emt 0:11:08]} gxf5 {[%emt 0:01:29]} 17. Rae1 {[%emt 0:04:14]} Bd7 {[%emt 0:07:07]} 18. b3 {[%emt 0:05:59]} Qe8 {[%emt 0:08:44]} 19. Bxc5 {[%emt 0:12:38]} bxc5 $11 {[%emt 0:00:15]} 20. Nf4 {[%emt 0:00:05]} Qf7 {[%emt 0:05:40]} 21. Ne6 {[%emt 0:00:12]} Bxe6 {[%emt 0:00:08]} 22. dxe6 {[%emt 0:00:07]} Qxe6 {[%emt 0:00:07]} 23. g4 {[%emt 0:01:23]} Rac8 {[%emt 0:12:30]} 24. f4 {[%emt 0:04:00]} fxg4 {[%emt 0:01:34]} 25. fxe5 {[%emt 0:02:12]} dxe5 {[%emt 0:00:06]} 26. Qg5 {[%emt 0:08:58]} e4 {[%emt 0:01:49]} 27. Qxc5 {[%emt 0:02:25]} Kh8 {[%emt 0:01:00]} 28. Qxa5 {[%emt 0:06:34]} c5 {[%emt 0:04:12]} 29. Nxe4 {[%emt 0:06:32]} Nxe4 {[%emt 0:01:21]} 30. Rxf8+ {[%emt 0:00:03]} Rxf8 {[%emt 0:00:07]} 31. Bxe4 {[%emt 0:00:07]} Re8 {[%emt 0:09:14]} 32. Qxc5 {[%emt 0:02:01]} Bc3 {[%emt 0:00:43]} 33. Qh5 {[%emt 0:03:51]} Re7 {[%emt 0:01:07]} 34. Re2 {[%emt 0:00:07]} Qf6 {[%emt 0:01:07]} 35. Bf5 {[%emt 0:00:59]} Qd4 {[%emt 0:03:44]} 36. Bxg4 {[%emt 0:00:21]} Qf4 {[%emt 0:07:20]} 37. Kg2 {[%emt 0:01:57]} Bd4 {[%emt 0:00:27]} 38. Bf3 {[%emt 0:01:16]} Be5 {[%emt 0:04:14]} 39. Bd5 {[%emt 0:00:30]} Rg7+ {[%emt 0:04:05]} 40. Kh3 {[%emt 0:00:01]} Rg3+ {[%emt 0:00:07]} 0-1

[Event "4NCL Div 1 2018-19"]
[Site "Daventry"]
[Date "2018.11.10"]
[Round "1"]
[White "Gourlay, Iain"]
[Black "Edouard, Romain"]
[Result "1/2-1/2"]
[WhiteElo "2358"]
[BlackElo "2636"]
[Annotator "TA"]
[PlyCount "119"]
[EventDate "2018.11.10"]
[EventType "team-tourn"]
[EventCountry "GBR"]
[SourceTitle "playchess.com"]
[Source "ChessBase"]
[SourceQuality "1"]

{[%evp 9,119,39,53,59,45,65,118,109,186,37,89,45,45,47,43,45,58,51,36,19,18,19,14,14,13,22,42,18,21,27,25,15,22,18,16,26,36,15,15,15,15,0,0,0,0,0,0,0,0,0,0,0,0,0,0,-7,0,-9,0,-11,0,0,0,0,0,0,0,0,0,0,0,0,0,0,0,0,0,0,0,0,0,0,0,0,0,0,0,0,0,0,0,0,0,0,0,0,0,0,0,0,0,0,0,0,0,0,0,0,0,0,0,0]} 1. c4 e5 2. g3 h5 3. Nf3 (3. Nc3 Bb4 4. Nd5 a5 5. a3 Bc5 6. e3 d6 7. Bg2 c6 8. Nc3 h4 9. d4 Bb6 10. Nf3 h3 {½-½ (41) Bruzon Batista,L (2664)-Rakhmanov,A (2635) Havana 2018}) 3... e4 4. Nh4 Be7 5. Nc3 Bxh4 6. gxh4 {A20: English Opening: 1...e5} Qxh4 7. d4 Nf6 $146 (7... d6 $14) ({Predecessor:} 7... exd3 8. Qxd3 Nf6 9. Rg1 Kf8 10. h3 Nc6 {1-0 (19) Ondersteijn,N (2379)-Vedder,R (2253) Netherlands 2018}) 8. Rg1 $16 {White is better.} d6 {[#]} (8... Qxh2 $16 9. Rxg7 d6) 9. Qd2 ({Resist} 9. Rxg7 $6 Ng4 $11) (9. h3 $1 $18 Nh7 10. Rxg7) 9... Bh3 (9... Kf8 $14) 10. Qg5 (10. Bxh3 {looks sharper.} Qxh3 11. Nb5 Na6 12. Qf4 Rh7 13. d5) 10... Qxg5 11. Bxg5 Bxf1 12. Bxf6 gxf6 13. Kxf1 Nc6 14. e3 {[%mdl 1024] White has compensation.} f5 15. Nd5 Kd7 16. Rg7 Raf8 17. Ke2 Ne7 18. Rg5 b5 19. Nxe7 Kxe7 20. cxb5 $11 {[%mdl 4096] Endgame KRR-KRR} Kf6 21. h4 Rb8 22. a4 a6 23. Rc1 axb5 {The position is equal.} 24. a5 b4 25. Rxc7 Rhc8 26. Rxc8 Rxc8 27. Rxh5 {KR-KR} b3 {Black wants to play ...Rc2+.} 28. a6 Ra8 29. Kd2 Rxa6 30. Kc3 Ra1 31. Rg5 Rh1 32. Rg2 Rxh4 33. Kxb3 f4 34. exf4 Kf5 35. Kc4 $1 Kxf4 {And now ...f5 would win.} 36. b4 Kf3 37. Rg5 {Rf5+ is the strong threat.} Kxf2 {Strongly threatening ...Rh3.} 38. Rf5+ Ke2 39. b5 e3 {aiming for ...d5+!} 40. b6 Kd2 41. Rxf7 e2 42. Re7 Rh7 43. Re8 {[#]} Rh8 $1 {[%mdl 512]} 44. Re7 (44. Rxh8 e1=Q) 44... Rh7 45. Re8 Rh1 46. Kd5 (46. b7 Rb1 $19) 46... Rb1 47. Kxd6 Rxb6+ 48. Kc7 Rb5 {Hoping for ...Rd5.} (48... Rb3 {is more complex.} 49. Rxe2+ Kxe2 50. d5 Rb5 51. d6 Rc5+) 49. Kc6 Rb3 {[#]} (49... Rb1 {with more complications.} 50. Rxe2+ Kxe2 51. d5 Rc1+ 52. Kd7 Ke3) 50. Rxe2+ $1 {[%mdl 512]} Kxe2 {KR-KP} 51. d5 Rc3+ 52. Kb7 Rd3 53. Kc6 Ke3 54. d6 Ke4 55. d7 Ke5 {( -> ...Ke6)} 56. Kc7 Rc3+ 57. Kb7 Rd3 58. Kc7 Ke6 59. d8=Q Rxd8 60. Kxd8 {Precision: White = 69%, Black = 61%.} 1/2-1/2

[Event "4NCL Div 1 2018-19"]
[Site "Daventry"]
[Date "2018.11.10"]
[Round "1"]
[White "Kilpatrick, Callum"]
[Black "Kirk, Ezra"]
[Result "0-1"]
[WhiteElo "2353"]
[BlackElo "2439"]
[Annotator "TA"]
[PlyCount "80"]
[EventDate "2018.11.10"]
[EventType "team-tourn"]
[EventCountry "GBR"]
[SourceTitle "playchess.com"]
[Source "ChessBase"]
[SourceQuality "1"]

{[%evp 17,80,15,33,8,13,-5,0,0,0,0,0,0,0,0,0,0,0,0,0,-35,-39,-44,-37,-44,-61,-61,-58,-72,-70,-78,-58,-67,-67,-59,-66,-64,-50,-84,-1,-68,-69,-66,-60,-88,-89,-119,-93,-137,-120,-119,-116,-538,-516,-520,-525,-506,-497,-704,-702,-693,-693,-669,-669,-1212,-1204]} 1. e4 c5 2. Nf3 Nc6 3. Bb5 g6 4. Bxc6 dxc6 5. d3 Bg7 6. h3 Nf6 7. Nc3 Nd7 {B31: Sicilian: 2...Nc6 3 Bb5 g6} (7... O-O 8. O-O Ne8 9. Be3 b6 10. e5 f6 11. Re1 Nc7 12. Qd2 fxe5 13. Bh6 Rxf3 14. Bxg7 Kxg7 15. gxf3 Bxh3 16. Rxe5 e6 17. Rg5 {1-0 (33) Caruana,F (2827)-Gelfand,B (2703) Batumi 2018}) 8. Be3 e5 9. O-O b6 {LiveBook: 6 Games. The position is equal.} 10. a3 $146 ({Predecessor:} 10. Qd2 h6 11. Nh2 Nf8 12. f4 exf4 13. Rxf4 g5 14. Rff1 {0-1 (56) Vestby Ellingsen,M (2429)-Chatalbashev,B (2543) Helsingor 2018}) 10... Qe7 11. Nd2 O-O 12. f4 exf4 13. Bxf4 Ne5 14. Nf3 Nxf3+ 15. Qxf3 c4 16. dxc4 Be6 17. b3 b5 18. Kh1 bxc4 19. b4 a5 20. Rad1 {next Bd6 is good for White.} Rfd8 21. Rxd8+ Rxd8 22. bxa5 Qxa3 23. Bg5 Re8 24. Bf6 Bxf6 25. Qxf6 Qxa5 26. Rd1 h6 27. Kh2 Ra8 ({Black should try} 27... Qc7+ $17 28. Kg1 Qg3) 28. Ne2 ({White should play} 28. Rd6 $1 $11) 28... Qg5 $36 {[%mdl 2048] Black has the initiative.} 29. Qxg5 hxg5 {[%mdl 4096] Endgame KRB-KRN} 30. Rd2 c5 31. Kg3 Kg7 32. Kf2 Kf6 33. Ng1 Ra2 {Hoping for ...c3.} 34. Nf3 $2 {[%mdl 8192] [#]} (34. Ke3 $17 {is tougher.}) 34... c3 $19 {Black is clearly winning.} 35. e5+ Ke7 36. Re2 Bc4 37. Re3 (37. Re1 $142 Rxc2+ 38. Kg3) 37... Rxc2+ 38. Kg3 Bf1 {[%csl Gf1][%cal Rc2g2]} 39. Ne1 Re2 40. Kf3 {[#]} c2 $1 {[%mdl 512] Accuracy: White = 43%, Black = 67%.} 0-1

[Event "4NCL Div 1 2018-19"]
[Site "Daventry"]
[Date "2018.11.10"]
[Round "1"]
[White "Wadsworth, Matthew J"]
[Black "Fodor, Tamas Jr."]
[Result "1/2-1/2"]
[WhiteElo "2350"]
[BlackElo "2520"]
[Annotator "TA"]
[PlyCount "138"]
[EventDate "2018.11.10"]
[EventType "team-tourn"]
[EventCountry "GBR"]
[SourceTitle "playchess.com"]
[Source "ChessBase"]
[SourceQuality "1"]

{[%evp 16,138,17,19,27,30,40,12,13,0,79,83,95,77,66,56,62,70,43,0,0,0,13,13,13,14,14,10,6,11,31,45,28,43,80,55,47,0,11,-122,-108,-114,-118,-119,-115,-114,-114,-104,-104,-116,-88,-88,-87,-88,-87,-87,-87,-87,-88,-87,-79,-80,-80,-80,-80,-81,-88,-137,-137,-320,-116,-116,-116,-116,-95,-174,-77,-158,-116,-328,-320,-374,-374,-362,-356,-363,-352,-315,-222,-222,-154,-222,-116,-228,-216,-198,-118,-118,-56,-302,-300,-285,-298,-291,-287,-523,-499,-457,-252,-252,-252,-280,-414,-337,-382,-508,0,0,0,0,0,0,0,0,0]} 1. Nf3 d5 2. c4 d4 3. g3 Nc6 4. Bg2 e5 5. d3 Bd6 6. O-O Nf6 7. e3 {A09: Réti Opening: 1 Nf3 d5 2 c4} O-O 8. exd4 exd4 9. Na3 {LiveBook: 4 Games} (9. Bg5 h6 10. Bxf6 Qxf6 11. Nbd2 Bf5 12. Qb3 Rab8 13. Nh4 Bh7 14. Ne4 Qd8 {1-0 (37) Petrosian,T (2611)-Carlsen,M (2851) chess.com INT 2016}) 9... Re8 10. Nb5 Bg4 11. Nxd6 $146 ({Predecessor:} 11. h3 Bxf3 12. Qxf3 Nd7 13. Qh5 Be5 14. Bg5 Bf6 15. Bxf6 Nxf6 {0-1 (50) Hernandez Delgado,J (1849)-Jimena Bonillo,S (1873) ICCF email 2012}) 11... Qxd6 12. h3 Bh5 (12... Bxf3 $1 $11 13. Bxf3 Qe6) 13. Bf4 $16 Qd8 14. g4 Bg6 15. Nh4 Nd7 {[%cal Bf6d7,Bd7c5,Bc5d3][%mdl 32]} 16. Nxg6 hxg6 17. b4 Nxb4 18. Qb1 Qf6 19. Bxc7 Na6 20. Qxb7 Ndc5 21. Qb5 Nxd3 22. Bg3 {Black must now prevent g5.} Rad8 23. g5 Qe6 24. Bd5 $1 {[%cal Rd5e6]} Qb6 25. Qxb6 axb6 26. Rfd1 Ndb4 $1 {[%cal Rb4d5]} 27. Rxd4 (27. Bf3 $11 {remains equal.}) 27... Nc2 $17 28. Rad1 Nxd4 29. Rxd4 Nb4 30. a3 Nxd5 31. cxd5 {[%mdl 4096] Endgame KRR-KRB} Rd7 32. a4 Ra8 33. d6 f6 34. h4 Kf7 35. Rb4 Ra6 36. Kg2 Ke6 37. Kf3 f5 38. Rb5 Rda7 39. Bf4 Kd7 40. Rb1 Rb7 41. Rb4 Ra5 42. Rc4 $2 (42. Kg3 $17) 42... Rc5 $2 (42... Rba7 $19 43. Rb4 R7a6) 43. Rb4 Kc6 44. Rd4 Ra7 45. Rb4 (45. Kg3 $17) 45... Ra6 (45... Rca5 $1 $19 46. d7 Rxd7) 46. Rd4 ({Better is} 46. Kg3) 46... Kd7 47. Rb4 $2 (47. Kg3 $17 {is a better defense.}) 47... Rc3+ $19 48. Kg2 Ra3 49. a5 R3xa5 50. Rb1 {and the idea Re1 leaves White hopeful.} Ra4 51. Kg3 Re4 {aiming for ...Raa4.} 52. f3 Re2 53. Rb3 (53. Rb4 $17) 53... Re8 (53... Re1 $1 $19 54. Kf2 Rea1) 54. Rb2 (54. Rb1 $17 {was called for.}) 54... Re1 $1 55. Rb3 Re2 (55... Rg1+ $19 56. Kh2 Re1) 56. Rb1 $17 Ke6 (56... Ke8 $17 57. Rc1 Ra7) 57. Rb3 $2 ({Only move:} 57. Rc1 $1 $15 Ra7 58. Rc6) 57... Raa2 $19 58. Rxb6 {[#]} Rh2 $1 {[%csl Gh2][%cal Ra2g2]} 59. d7+ Kxd7 {[%csl Gh2][%cal Ra2g2]} 60. Bc1 $2 (60. Bb8 {was necessary.} Rag2+ 61. Kf4 Rxh4+ 62. Ke5 Rxg5 63. Rb7+ Kc8 64. Rb6) 60... Rag2+ 61. Kf4 Rh1 (61... Rxh4+ $142 62. Ke5 Re2+ 63. Kd5 Rh1) 62. Rxg6 Rxc1 63. Rxg7+ Ke6 64. Rg6+ Ke7 65. h5 {[%cal Bh4h5,Bh5h6][%mdl 32] [#]} Rc5 $2 ({Black should try} 65... Rc3 $1 $19 {...Rf2 is the strong threat.} 66. Rg7+ Ke6 67. Rg6+ Kf7 68. Rf6+ Ke7 69. Rxf5 Rc4+ 70. Ke3 Rh2) 66. h6 $1 $11 {The position is equal.} Rh2 67. Rg7+ $1 Kf8 {And now ...Rh4+ would win.} 68. Ra7 Kg8 {Strongly threatening ...Rh4+.} 69. Ra8+ Kh7 {Precision: White = 49%, Black = 49%.} 1/2-1/2